Русская романтическая повесть писателей 20-40 годов XIX века; Лейткнант Белозор; Черная немоч; Уединенный домик на Васильевском; Необойденный дом; Демон; Превращения голов в книгии книг в головы; Идеал; Лафертовская маковница; Эротида; Киевские ведьмы; Концерт бесов; Странный бал; Вальтер Эйзенберг; Барон Рейхман; Поединок

Xehetasun bibliografikoak
Beste egile batzuk: Сахаров В. И. (составитель), Добрицын А. И. (иллюстратор)
Gaia:В антологии собраны повести русских писателей-романтиков, как бs иллюстрирующие развитие этого прозаического жанра в 20—40 годы XIX столетия. Представлены произведения самых разных направлений и значения, как известных авторов (А. А. Бестужева, А. Ф. Вельтмана), так и полузабытых (М. С. Жуковой, Е. А. Ган, О. М. Сомова и др.), чьи повести в послеоктябрьское время печатались редко или не публиковались совсем.
Hizkuntza:errusiera
Argitaratua: Москва, Пресса, 1992
TOC:А. А. Бестужев (Марлинский), Лейткнант Белозор;
М. П. Погодин, Черная немоч;
А. С. Пушкин, Уединенный домик на Васильевском;
В. Ф. Одоевский, Необойденный дом;
Н. Ф. Павлов, Демон;
О. И. Сенковский, Превращения голов в книгии книг в головы;
Е. А. Ган, Идеал;
А. Погорельский, Лафертовская маковница;
А. Ф. Вельтман, Эротида;
О. М. Сомов, Киевские ведьмы;
М. Н. Загоскин, Концерт бесов;
В. Н. Олин, Странный бал;
К. С. Аксаков, Вальтер Эйзенберг;
М. С. Жукова, Барон Рейхман;
Е. П. Ростопчина, Поединок;
Gaiak:
Formatua: MixedMaterials Liburua
KOHA link:https://koha.lib.tpu.ru/cgi-bin/koha/opac-detail.pl?biblionumber=119089

MARC

LEADER 00000nam0a2200000 4500
001 119089
005 20231031124420.0
010 |a 5253003347 
020 |a RU  |b 92-11970 
035 |a (RuTPU)RU\TPU\book\128866 
090 |a 119089 
100 |a 20070621d1992 m y0rusy5003 ca 
101 0 |a rus 
102 |a RU 
105 |a a z 000ay 
200 1 |a Русская романтическая повесть писателей 20-40 годов XIX века  |f сост., вступит. ст. и примеч. В. И. Сахаров; худож. А. И. Добрицын 
210 |a Москва  |c Пресса  |d 1992 
215 |a 461,[2] с.  |c ил.  |d 22 см 
318 |5 63413507  |a Сентиментальный роман  |b выставка  |n 05 
330 |a В антологии собраны повести русских писателей-романтиков, как бs иллюстрирующие развитие этого прозаического жанра в 20—40 годы XIX столетия. Представлены произведения самых разных направлений и значения, как известных авторов (А. А. Бестужева, А. Ф. Вельтмана), так и полузабытых (М. С. Жуковой, Е. А. Ган, О. М. Сомова и др.), чьи повести в послеоктябрьское время печатались редко или не публиковались совсем. 
464 |t Лейткнант Белозор  |f А. А. Бестужев (Марлинский) 
464 |t Черная немоч  |f М. П. Погодин 
464 |t Уединенный домик на Васильевском  |f А. С. Пушкин 
464 |t Необойденный дом  |f В. Ф. Одоевский 
464 |t Демон  |f Н. Ф. Павлов 
464 |t Превращения голов в книгии книг в головы  |f О. И. Сенковский 
464 |t Идеал  |f Е. А. Ган 
464 |t Лафертовская маковница  |f А. Погорельский 
464 |t Эротида  |f А. Ф. Вельтман 
464 |t Киевские ведьмы  |f О. М. Сомов 
464 |t Концерт бесов  |f М. Н. Загоскин 
464 |t Странный бал  |f В. Н. Олин 
464 |t Вальтер Эйзенберг  |f К. С. Аксаков 
464 |t Барон Рейхман  |f М. С. Жукова 
464 |t Поединок  |f Е. П. Ростопчина 
610 1 |a русская литература 
610 1 |a 19 век 
610 1 |a романтизм 
610 1 |a повести 
675 |a Р1  |z rus  |v 3 
702 1 |a Сахаров  |b В. И.  |4 220 
702 1 |a Добрицын  |b А. И.  |4 440 
801 0 |a RU  |b RuMRKP  |c 19950417  |g psbo 
801 1 |a RU  |b 63413507  |c 20070621  |g PSBO 
801 2 |a RU  |b 63413507  |c 20160209  |g PSBO 
942 |c BK